[Event "Ch City"]
[Site "masterchessopen.com – Novokuznetsk (Russia)"]
[Date "2009.05.03"]
[Round "7"]
[White "Sergeev Albert (RUS)"]
[Black "Iskusnyh Sergei (RUS)"]
[Result "0-1"]
[WhiteElo "2326"]
[BlackElo "2471"]

1.e4 c5 2.Nf3 Nc6 3.d4 cxd4 4.Nxd4 Nf6 5.Nc3 d6 6.Bc4 Qb6 7.Ndb5 a6 8.Be3 Qd8
9.Nd4 Ng4 10.Bd5 Nxe3 11.Nxc6 Nxd1 12.Nxd8 Nxc3 13.Nxf7 Nxd5 14.Nxh8 Nf6 15.f3
g6 16.g4 Bg7 17.Nxg6 hxg6 18.h4 Be6 19.h5 gxh5 20.g5 Nxe4 21.fxe4 Bg4 22.c3
Rc8 23.Kf2 Rc5 24.Rag1 Rxg5 25.Rxh5 Rxh5 26.Rxg4 {#R} 0-1

[Event "It (open)"]
[Site "masterchessopen.com – Reutlingen (Germany)"]
[Round "4"]
[White "Zeller Frank (GER)"]
[Black "Fischer Thorsten (GER)"]
[Result "1-0"]
[WhiteElo "2418"]
[BlackElo "2204"]

1.e4 c5 2.Nf3 d6 3.d4 cxd4 4.Nxd4 Nf6 5.Nc3 Nc6 6.Bc4 Qb6 7.Ndb5 a6 8.Be3 Qa5
9.Nd4 Ne5 10.Nb3 Qc7 11.Be2 e6 12.a4 Bd7 13.a5 Rc8 14.Nd2 Bc6 15.f4 Ned7
16.O-O h5 17.h3 h4 18.Qe1 d5 19.e5 Ng8 20.Nf3 Bb4 21.Nxd5 Bxe1 22.Nxc7+ Rxc7
23.Rfxe1 Ne7 24.Nd4 Nd5 25.Bd2 g5 26.fxg5 Nc5 {#r} 1-0

[Event "Memorial R.Nezhmetdinov (open)"]
[Site "masterchessopen.com – Kazan (Russia)"]
[Date "2009.06.06"]
[Round "7"]
[White "Gerasimov Ivan (RUS)"]
[Black "Gorishniy Yuri (RUS)"]
[Result "1-0"]
[WhiteElo "2353"]
[BlackElo "2080"]

1.e4 c5 2.Nf3 d6 3.d4 cxd4 4.Nxd4 Nf6 5.Nc3 Nc6 6.Bc4 Qb6 7.Nb3 e6 8.Bf4 Ne5
9.Be2 Be7 10.g4 Nxe4 11.Nxe4 Qb4+ 12.Nbd2 Ng6 13.c3 Qb6 14.Bxd6 {#r} 1-0

[Event "Memorial J.Capablanca (open)"]
[Site "masterchessopen.com – Habana (Cuba)"]
[Date "2009.06.11"]
[Round "4"]
[White "Trujillo Villega Pablo Adrian (VEN)"]
[Black "Real De Azua Ernesto (ARG)"]
[Result "0-1"]
[WhiteElo "2169"]
[BlackElo "2445"]

1.e4 c5 2.Nf3 d6 3.d4 cxd4 4.Nxd4 Nf6 5.Nc3 Nc6 6.Bc4 Qb6 7.Nb3 e6 8.Bf4 Ne5
9.Be2 Bd7 10.Qd2 a6 11.f3 Qc7 12.a4 b6 13.O-O-O Be7 14.Bg5 h6 15.Bh4 Nc4
16.Qd4 b5 17.Nd2 Nxd2 18.Qxd2 b4 19.Na2 Bxa4 20.Nxb4 O-O 21.Bxf6 Bxf6 22.Qxd6
Qa5 23.Nc6 Bxc6 24.Qxc6 Rfc8 25.Qd6 Bxb2+ 26.Kxb2 Qc3+ {#R} 0-1

[Event "Tournament (open)"]
[Site "masterchessopen.com – Kimry (Russia)"]
[Date "2009.06.12"]
[Round "4"]
[White "Brjuhin Boris (RUS)"]
[Black "Torlopov Nikita (RUS)"]
[Result "1-0"]
[WhiteElo "2142"]
[BlackElo "2020"]

1.e4 c5 2.Nf3 Nc6 3.d4 cxd4 4.Nxd4 Nf6 5.Nc3 d6 6.Bc4 g6 7.Nxc6 bxc6 8.e5 Ng4
9.e6 d5 10.exf7+ Kxf7 11.Nxd5 cxd5 12.Qxd5+ Ke8 13.Qf7+ Kd7 14.Bf4 Qa5+ 15.c3
Nf6 16.O-O-O+ Kc6 17.Rhe1 Qf5 18.g3 g5 19.Re5 Qg6 20.Re6+ Kb7 21.Ba6# 1-0

[Event "It (open)"]
[Site "masterchessopen.com – Pszczyna (Poland)"]
[Date "2009.07.14"]
[Round "1"]
[White "Latocha Aleksander (POL)"]
[Black "Kasprzyk Tomasz (POL)"]
[Result "0-1"]
[WhiteElo "1867"]
[BlackElo "2087"]

1.e4 c5 2.Nf3 d6 3.d4 cxd4 4.Nxd4 Nf6 5.Nc3 Nc6 6.Bc4 Qb6 7.Be3 Qxb2 8.Ndb5
Qb4 9.Qe2 Qa5 10.Bd2 Qb6 11.Rb1 Qd8 12.Nd5 Nxd5 13.exd5 Ne5 14.Bb3 a6 15.f4
Bg4 16.Qe4 f5 17.Qe3 axb5 18.fxe5 dxe5 19.Qxe5 Qd6 20.Qe3 h6 21.O-O e5 22.h3
Qc7 23.Qd3 Qb6+ 24.Be3 Bc5 25.Rbe1 Bxh3 26.gxh3 g6 27.Qc3 {#R} 0-1

[Event "Cup Summer (open)"]
[Site "masterchessopen.com – Porto Carras (Greece)"]
[Date "2009.07.23"]
[Round "7"]
[White "Koroteeva Ksenia (RUS)"]
[Black "Nikolaidis Konstantinos (GRE)"]
[Result "0-1"]
[WhiteElo "1970"]
[BlackElo "2270"]

1.e4 c5 2.Nf3 Nc6 3.d4 cxd4 4.Nxd4 Nf6 5.Nc3 d6 6.Bc4 Qb6 7.Nb3 e6 8.Be3 Qc7
9.Qe2 a6 10.O-O-O b5 11.Bd3 Be7 12.Rhg1 Nd7 13.f4 Nb6 14.f5 Na4 15.fxe6 fxe6
16.Nxb5 axb5 17.Bxb5 O-O 18.Qc4 Nc5 19.Nxc5 dxc5 20.Bxc6 Qxc6 21.e5 Ra4 22.Qc3
Rxa2 23.Kd2 Rd8+ 24.Ke2 Rxd1 25.Rxd1 Qxg2+ {#R} 0-1

[Event "Ch Continental Americas"]
[Site "masterchessopen.com – Sao Paulo (Brazil)"]
[Date "2009.07.25"]
[Round "1"]
[White "Andrade Roberto Luiz Costa (BRA)"]
[Black "De Freitas Julio Eimard (BRA)"]
[Result "1-0"]
[WhiteElo "2251"]
[BlackElo "1870"]

1.e4 c5 2.Nf3 Nc6 3.d4 cxd4 4.Nxd4 Nf6 5.Nc3 d6 6.Bc4 Bd7 7.Bg5 Rc8 8.Bb3 Qa5
9.Bxf6 gxf6 10.O-O Rg8 11.Nd5 Nxd4 12.Qxd4 Rg6 13.Kh1 Bg7 14.Rad1 Qc5 15.Qd3
Bb5 16.c4 Bxc4 17.Bxc4 Qxc4 18.Qh3 e6 19.Qe3 Bh6 20.f4 Qxa2 21.Qh3 Rc2 22.Nb4
Qxb2 23.Nxc2 Qxc2 24.f5 Rg7 25.fxe6 Bf4 26.Ra1 Qxe4 27.Rae1 {#r} 1-0

[Event "Tournament"]
[Site "masterchessopen.com – Medellin (Colombia)"]
[Round "6"]
[White "Salazar Aura Cristina (COL)"]
[Black "Alvarez Pablo Andres (COL)"]
[Result "0-1"]
[WhiteElo "2049"]
[BlackElo "2090"]

1.e4 c5 2.Nf3 Nc6 3.d4 cxd4 4.Nxd4 Nf6 5.Nc3 d6 6.Bc4 e5 7.Nde2 Be6 8.Bxe6
fxe6 9.Bg5 Be7 10.Qd2 h6 11.Bxf6 Bxf6 12.Nb5 O-O 13.Nxd6 Bg5 14.Qd3 Nb4 15.Qd1
Qb6 16.f4 Rad8 17.c3 Rxd6 {#R} 0-1

[Event "It (open) (juniors) (under 16)"]
[Site "masterchessopen.com – Enschede (Netherlands)"]
[Date "2009.08.07"]
[Round "7"]
[White "Wijshoff Kasper"]
[Black "Rauw Janna"]
[Result "1-0"]
[WhiteElo "1538"]
[BlackElo "1287"]

1.e4 c5 2.Nf3 Nc6 3.d4 cxd4 4.Nxd4 d6 5.Nc3 Nf6 6.Bc4 Bd7 7.Be3 a6 8.a3 Qc7
9.Bb3 O-O-O 10.f3 Kb8 11.O-O g6 12.Na4 Bg7 13.Nxc6+ Qxc6 14.c3 Be6 15.Bxe6
fxe6 16.Qd4 e5 17.Qa7+ Kc8 18.Nb6+ Kc7 19.Nd5+ Nxd5 20.exd5 Qb5 21.a4 Qb3
22.a5 Ra8 23.Bb6+ Kd7 24.Qxb7+ Ke8 25.Qxa8+ Kf7 26.Qxa6 Qxb2 27.Qc4 {#r} 1-0

[Event "Ch Region (1/2 final)"]
[Site "masterchessopen.com – Lipetsk (Russia)"]
[Date "2009.09.27"]
[Round "3"]
[White "Lebedev Aleksander (RUS)"]
[Black "Aksenov I"]
[Result "1-0"]
[WhiteElo "2015"]
[BlackElo "1828"]

1.e4 c5 2.Nf3 Nc6 3.d4 cxd4 4.Nxd4 d6 5.Bc4 Nf6 6.Nc3 Bg4 7.f3 Bh5 8.Be3 e6
9.Qd2 Be7 10.O-O-O O-O 11.g4 Bg6 12.h4 h6 13.g5 hxg5 14.hxg5 Nd7 15.Qh2 {#r}
1-0

[Event "Ch Slovenia (team) (1 liga) West"]
[Site "masterchessopen.com – Ljubljana (Slovenia)"]
[Date "2009.10.16"]
[Round "6"]
[White "Mestek Igor (SLO)"]
[Black "Baric Dusan (SLO)"]
[Result "1-0"]
[WhiteElo "2157"]
[BlackElo "2125"]

1.e4 c5 2.Nf3 d6 3.d4 cxd4 4.Nxd4 Nc6 5.Nc3 Nf6 6.Bc4 a6 7.Nxc6 bxc6 8.e5 Ng4
9.e6 d5 10.exf7+ Kxf7 11.Nxd5 Be6 12.Qf3+ Nf6 13.Nxf6 exf6 14.Bxe6+ Kxe6
15.Qxc6+ Kf7 16.Qc4+ Kg6 17.O-O Bd6 18.Bf4 Bxf4 19.Qxf4 Re8 20.Rad1 Qa5 21.Rd7
h6 22.h4 Kh7 23.Qxf6 Rg8 24.Rfd1 Kh8 25.Rxg7 Rxg7 26.Rd7 {#r} 1-0

[Event "Ch World (juniors) (under 14)"]
[Site "masterchessopen.com – Kemer (Turkey)"]
[Date "2009.11.12"]
[Round "1"]
[White "Kriebel Tadeas (CZE)"]
[Black "Mammadov Mehdi Namiq Oglu (AZE)"]
[Result "1-0"]
[WhiteElo "2140"]
[BlackElo "1769"]

1.e4 c5 2.Nf3 Nc6 3.d4 cxd4 4.Nxd4 Nf6 5.Nc3 d6 6.Bc4 Qb6 7.Nb3 e6 8.Be3 Qc7
9.O-O Be7 10.f4 a6 11.a4 b6 12.Bd3 Bb7 13.Kh1 Nd7 14.Qh5 Nc5 15.Nxc5 bxc5
16.f5 O-O-O 17.Qxf7 exf5 18.Nd5 Qa5 19.b4 Nxb4 20.Nxe7+ {#r} 1-0

[Event "It (open)"]
[Site "masterchessopen.com – Nantes (France)"]
[Round "2"]
[White "Sentis Maxime"]
[Black "Guedon Stephane (FRA)"]
[Result "0-1"]
[WhiteElo "1670"]
[BlackElo "2157"]

1.e4 c5 2.Nf3 d6 3.d4 cxd4 4.Nxd4 Nf6 5.Nc3 Nc6 6.Bc4 Qb6 7.Nf3 e6 8.Bb3 Be7
9.O-O O-O 10.Bg5 Rd8 11.Qe2 a6 12.Rad1 Qc7 13.Rfe1 b5 14.Nd4 Bb7 15.Nxc6 Bxc6
16.f3 b4 17.Nb1 Bb5 18.Qf2 Nxe4 19.Rxe4 Bxg5 20.Rxb4 d5 21.Rg4 Bf6 22.c3 h5
23.Rb4 Be7 {#R} 0-1

[Event "It (open)"]
[Site "masterchessopen.com – Bosnjaci (Croatia)"]
[Date "2010.01.04"]
[Round "2"]
[White "Pap Misa (SRB)"]
[Black "Solic Kristina (CRO)"]
[Result "1-0"]
[WhiteElo "2504"]
[BlackElo "2225"]

1.e4 c5 2.Nf3 d6 3.d4 cxd4 4.Nxd4 Nf6 5.Nc3 Nc6 6.Bc4 Qb6 7.Nxc6 bxc6 8.O-O
Bg4 9.Qd3 e6 10.h3 Bh5 11.Be3 Qc7 12.f4 Be7 13.Bb3 g5 14.f5 g4 15.fxe6 gxh3
16.exf7+ Bxf7 17.Bxf7+ Kxf7 18.Qc4+ Ke8 19.Rxf6 Bxf6 20.Nd5 Qg7 21.Qxc6+ Kf7
22.Qd7+ Kf8 23.Qxd6+ {#r} 1-0

[Event "Ch Australia (major)"]
[Site "masterchessopen.com – Sydney (Australia)"]
[Date "2010.01.07"]
[Round "5"]
[White "Encel Benjamin (AUS)"]
[Black "Low Frank (AUS)"]
[Result "1-0"]
[WhiteElo "1898"]
[BlackElo "1839"]

1.e4 c5 2.Nf3 Nc6 3.d4 cxd4 4.Nxd4 Nf6 5.Nc3 d6 6.Bc4 e5 7.Nf3 Be7 8.h3 a6
9.Be3 b5 10.Bd5 Bb7 11.a3 Rb8 12.Qd2 Na5 13.Bxb7 Rxb7 14.b3 O-O 15.g4 h6
16.Rg1 Nc6 17.g5 hxg5 18.Bxg5 Nh5 19.Bxe7 Nxe7 20.Qh6 Qc8 21.Ne2 Qxh3 22.Rxg7+
{#r} 1-0

[Event "Ch City (open)"]
[Site "masterchessopen.com – Belgrade (Serbia)"]
[Round "9"]
[White "Kerecki Ljubisa (SRB)"]
[Black "Jovanovic Sasa T (SRB)"]
[Result "0-1"]
[WhiteElo "2167"]
[BlackElo "2283"]

1.e4 c5 2.Nf3 d6 3.d4 cxd4 4.Nxd4 Nf6 5.Nc3 Nc6 6.Bc4 Bd7 7.f3 Nxd4 8.Qxd4 g6
9.Bg5 Bg7 10.Nd5 O-O 11.Bxf6 exf6 12.O-O-O f5 13.Qd2 fxe4 14.fxe4 Qh4 15.Qd3
b5 16.Bb3 a5 17.a3 Be6 18.Kb1 Rab8 19.g3 Qg5 20.c3 b4 21.cxb4 axb4 22.a4 Qe5
23.Rd2 Kh8 24.Re1 Rfc8 25.Nf4 Rc3 26.bxc3 bxc3 27.Rc2 Bxb3 {#R} 0-1

[Event "It (open) (b)"]
[Site "masterchessopen.com – Nova Gorica (Slovenia)"]
[Round "1"]
[White "Brank Bine (SLO)"]
[Black "Jarc Jakob"]
[Result "1-0"]
[WhiteElo "1873"]
[BlackElo "1505"]

1.e4 c5 2.Nf3 Nc6 3.d4 cxd4 4.Nxd4 d6 5.Nc3 Nf6 6.Bc4 Bd7 7.Be3 Qa5 8.O-O Qe5
9.f4 Qa5 10.h3 Qh5 11.Qd2 Qg6 12.f5 Qg3 13.Bf4 Qh4 14.Nf3 Qh5 15.Ng5 h6
16.Bxf7+ {#r} 1-0

[Event "Ch Department (juniors) (under 20)"]
[Site "masterchessopen.com – Medellin (Colombia)"]
[Date "2010.02.14"]
[Round "6"]
[White "Salazar Aura Cristina (COL)"]
[Black "Arenas David (COL)"]
[Result "0-1"]
[WhiteElo "2169"]
[BlackElo "2457"]

1.e4 c5 2.Nf3 d6 3.d4 cxd4 4.Nxd4 Nf6 5.Nc3 Nc6 6.Bc4 Qb6 7.Ndb5 a6 8.Be3 Qa5
9.Nd4 Nxe4 10.Qf3 f5 11.O-O Ne5 12.Qe2 Nxc3 13.bxc3 Qxc3 14.Bd5 f4 15.Qd2 Qc5
16.Nb3 fxe3 17.fxe3 Qc7 18.Nd4 g6 19.Rab1 Bh6 20.Nf3 Nxf3+ 21.Rxf3 e6 22.Qd4
Bg7 23.Qe4 Rb8 24.Bxe6 Bxe6 25.Qxe6+ Qe7 {#R} 0-1

[Event "Ch State Sao Paulo (team)"]
[Site "masterchessopen.com – Sao Paulo (Brazil)"]
[Date "2010.02.27"]
[Round "6"]
[White "Schutt Ricardo (BRA)"]
[Black "Galati Mario Augusto (BRA)"]
[Result "0-1"]
[WhiteElo "2143"]
[BlackElo "2143"]

1.e4 c5 2.Nf3 Nc6 3.d4 cxd4 4.Nxd4 Nf6 5.Nc3 d6 6.Bc4 Qb6 7.Nde2 e6 8.Bb3 Be7
9.O-O O-O 10.Kh1 a6 11.f4 Qc7 12.f5 Na5 13.Nf4 Nxb3 14.axb3 b5 15.fxe6 fxe6
16.Nxb5 Qb6 17.Nc3 Bd7 18.Qe2 Qb7 19.Bd2 Kh8 20.Rad1 e5 21.Nfd5 Bg4 22.Qe1
Bxd1 23.Rxf6 Bxf6 24.Qxd1 Qf7 25.h3 Bh4 26.Qg4 Qf1+ 27.Kh2 Bf2 {#R} 0-1

[Event "Ch Poland (juniors) (under 16)"]
[Site "masterchessopen.com – Karpacz (Poland)"]
[Date "2010.03.13"]
[Round "10"]
[White "Grabowski Adam (POL)"]
[Black "Grzeskow Adrian (POL)"]
[Result "1-0"]
[WhiteElo "1987"]
[BlackElo "1841"]

1.e4 c5 2.Nf3 d6 3.d4 cxd4 4.Nxd4 Nf6 5.Nc3 Nc6 6.Bc4 Bd7 7.O-O Nxd4 8.Qxd4 g6
9.e5 dxe5 10.Qxe5 Bg7 11.Nd5 Rc8 12.Bh6 Kf8 13.Nxe7 Nh5 14.Bxg7+ Nxg7 15.Nxc8
Bxc8 16.Qc5+ Kg8 17.Rad1 {#r} 1-0

[Event "Ch City (a)"]
[Site "masterchessopen.com – Zhukovsky (Russia)"]
[Round "2"]
[White "Dzhaumutbaev Erzhan (RUS)"]
[Black "Rybakov Sergey (RUS)"]
[Result "1-0"]
[WhiteElo "2104"]
[BlackElo "2180"]

1.e4 c5 2.Nf3 Nc6 3.d4 cxd4 4.Nxd4 Nf6 5.Nc3 d6 6.Bc4 Bd7 7.Bb3 g6 8.f3 Bg7
9.Be3 Rc8 10.Nxc6 Bxc6 11.Qd2 h5 12.h4 b6 13.O-O-O Nd7 14.Bd4 Bh6 15.f4 Rg8
16.Be3 Bg7 17.Bd4 Bh6 18.Be3 Bg7 19.e5 dxe5 20.fxe5 Bxe5 21.Bd4 Qc7 22.Rhf1 e6
23.Rde1 Bg3 24.Bxe6 Bxe1 25.Bxf7+ Ke7 26.Qg5+ Kd6 27.Rf6+ {#r} 1-0

[Event "It \"]
[Site "masterchessopen.com – Frydek-Mistek (Czech Republic)"]
[Date "2010.04.01"]
[Round "2"]
[White "Tuma Jakub (CZE)"]
[Black "Bombek Peter (SVK)"]
[Result "1-0"]
[WhiteElo "2305"]
[BlackElo "2194"]

1.e4 c5 2.Nf3 Nc6 3.d4 cxd4 4.Nxd4 Nf6 5.Nc3 d6 6.Bc4 g6 7.Nxc6 bxc6 8.e5 d5
9.exf6 dxc4 10.Qf3 exf6 11.O-O Be7 12.Bh6 Qc7 13.Bg7 Rg8 14.Bxf6 Bxf6 15.Qxf6
Be6 16.Rfe1 Qe7 17.Ne4 Rf8 18.Qd4 Qc7 19.Rad1 Rd8 20.Qc5 {#r} 1-0

[Event "Tournament (open)"]
[Site "masterchessopen.com – Brasilia (Brazil)"]
[Date "2010.04.18"]
[Round "3"]
[White "De Paula Guilherme (BRA)"]
[Black "Shumyatsky Victor (BRA)"]
[Result "0-1"]
[WhiteElo "2046"]
[BlackElo "2338"]

1.e4 c5 2.Nf3 Nc6 3.d4 cxd4 4.Nxd4 Nf6 5.Nc3 d6 6.Bc4 Qb6 7.Nb3 Bg4 8.Be2 Bxe2
9.Qxe2 e6 10.Be3 Qc7 11.f4 Be7 12.O-O O-O 13.g4 d5 14.e5 Nd7 15.g5 a6 16.Rf3
Rfd8 17.Rh3 Nf8 18.Qf2 d4 19.Ne4 dxe3 20.Qh4 Nd4 21.Nxd4 Rxd4 22.Nf6+ Bxf6
23.gxf6 Qxc2 24.Qg5 Qg6 {#R} 0-1

[Event "It (open)"]
[Site "masterchessopen.com – Myrhorod (Ukraine)"]
[Date "2010.07.11"]
[Round "5"]
[White "Malienko Alexander (UKR)"]
[Black "Nikolaev Leonid (UKR)"]
[Result "1-0"]
[WhiteElo "2216"]
[BlackElo "2308"]

1.e4 c5 2.Nf3 d6 3.d4 cxd4 4.Nxd4 Nf6 5.Nc3 Nc6 6.Bc4 Bd7 7.Bb3 Nxd4 8.Qxd4 g6
9.Bg5 Bg7 10.O-O-O O-O 11.e5 dxe5 12.Qxe5 Qe8 13.Rhe1 Bc6 14.Qxe7 Qxe7 15.Rxe7
Bxg2 16.Rd6 Ng4 17.Rdd7 Bc6 18.Bxf7+ Kh8 19.Rc7 Rad8 20.Bc4 {#r} 1-0

[Event "It (open)"]
[Site "masterchessopen.com – Barlinek (Poland)"]
[Date "2010.07.20"]
[Round "3"]
[White "Czyz Artur (POL)"]
[Black "Sharapov Evgeny (UKR)"]
[Result "0-1"]
[WhiteElo "2088"]
[BlackElo "2463"]

1.e4 c5 2.Nf3 d6 3.d4 cxd4 4.Nxd4 Nf6 5.Nc3 Nc6 6.Bc4 Qb6 7.Be3 Qxb2 8.Ndb5
Qb4 9.Bd3 Qa5 10.Rb1 e6 11.O-O Be7 12.Qd2 O-O 13.Nd4 Qc7 14.Ncb5 Qd7 15.c4 b6
16.Rbc1 Bb7 17.f4 Nxd4 18.Nxd4 Nxe4 19.Qe2 f5 20.Nf3 Rf6 21.Rfd1 Qc7 22.Bxe4
fxe4 23.Ng5 h6 24.Qh5 hxg5 25.fxg5 Rf5 26.g4 Rxg5 27.Qh3 Rf8 {#R} 0-1

[Event "Ch Russia (juniors) (team)"]
[Site "masterchessopen.com – Rybinsk (Russia)"]
[Date "2010.08.07"]
[Round "6"]
[White "Vavulin Maksim (RUS)"]
[Black "Balakirev Ilya (RUS)"]
[Result "1-0"]
[WhiteElo "2149"]
[BlackElo "2192"]

1.e4 c5 2.Nf3 Nc6 3.d4 cxd4 4.Nxd4 Nf6 5.Nc3 d6 6.Bc4 g6 7.Nxc6 bxc6 8.e5 Nd7
9.exd6 exd6 10.O-O Be7 11.Bh6 Nb6 12.Qd4 Rg8 13.Rfe1 d5 14.Qf6 g5 15.Qxc6+ Bd7
16.Nxd5 Nxd5 17.Qxd5 {#r} 1-0

[Event "It \"]
[Site "masterchessopen.com – Uxbridge (England)"]
[Date "2010.08.13"]
[Round "4"]
[White "McKenna Jason (ENG)"]
[Black "Marret Benjamin (FRA)"]
[Result "1-0"]
[WhiteElo "2082"]
[BlackElo "1895"]

1.e4 c5 2.Nf3 Nc6 3.d4 cxd4 4.Nxd4 Nf6 5.Nc3 d6 6.Bc4 Qb6 7.Ndb5 Ng4 8.O-O a6
9.Nd5 Qc5 10.Nbc7+ Kd8 11.Nxa8 Qxc4 12.Nab6 Qxe4 13.f3 {#r} 1-0

[Event "Tournament (Elo) (2)"]
[Site "masterchessopen.com – Perm (Russia)"]
[Round "6"]
[White "Utkin Kirill (RUS)"]
[Black "Kozlov Vladimir N (RUS)"]
[Result "0-1"]
[WhiteElo "1774"]
[BlackElo "2260"]

1.e4 c5 2.Nf3 Nc6 3.d4 cxd4 4.Nxd4 Nf6 5.Nc3 d6 6.Bc4 g6 7.O-O Bg7 8.Be3 O-O
9.f4 Ng4 10.Nxc6 bxc6 11.Qd2 Qa5 12.Bd4 e5 13.Be3 Nxe3 14.Qxe3 exf4 15.Qxf4
Qc5+ 16.Rf2 Qxc4 17.Kh1 Bxc3 18.bxc3 Qxc3 19.Raf1 Qe5 20.Qh6 Ba6 21.Re1 Rab8
22.Rf3 Qxe4 23.Rg1 Qxc2 {#R} 0-1

[Event "Memorial Oliver Gonzalez (open)"]
[Site "masterchessopen.com – Madrid (Spain)"]
[Date "2010.10.11"]
[Round "3"]
[White "Perez Gonzalez Jose Manuel (ESP)"]
[Black "Marcos Herrero Francisco (ESP)"]
[Result "1-0"]
[WhiteElo "2318"]
[BlackElo "1880"]

1.e4 c5 2.Nf3 d6 3.d4 Nf6 4.Nc3 cxd4 5.Nxd4 Nc6 6.Bc4 Bd7 7.Bb3 e5 8.Nf5 Be6
9.Bg5 Be7 10.Nxg7+ Kd7 11.Nf5 Ke8 12.Bxf6 Bxf6 13.Qh5 Qd7 14.Bxe6 Qxe6 15.Nd5
Rc8 16.Qh6 {#r} 1-0

[Event "Czech League 2010/11 (krajsky prebor)"]
[Site "masterchessopen.com – Czech Republic"]
[Round "2"]
[White "Mrovec Jan (CZE)"]
[Black "Pinkava Josef (CZE)"]
[Result "1-0"]
[WhiteElo "1982"]
[BlackElo "1970"]

1.e4 c5 2.Nf3 d6 3.d4 cxd4 4.Nxd4 Nf6 5.Nc3 Nc6 6.Bc4 g6 7.Nxc6 bxc6 8.e5 d5
9.exf6 dxc4 10.Qf3 e6 11.O-O Bd7 12.Rd1 Qb6 13.Be3 Qb7 14.Rd4 Rd8 15.Rxc4 Bd6
16.Ne4 Bb8 17.Bc5 Qxb2 18.Rd1 Qe5 19.Bd6 Qa5 20.Bxb8 Rxb8 21.Nd6+ {#r} 1-0

[Event "It (open)"]
[Site "masterchessopen.com – Belgrade (Serbia)"]
[Date "2010.12.01"]
[Round "8"]
[White "Nestorovic Lazar (SRB)"]
[Black "Lopez Pereyra Antonio (ESP)"]
[Result "0-1"]
[WhiteElo "2335"]
[BlackElo "2079"]

1.e4 c5 2.Nf3 Nc6 3.d4 cxd4 4.Nxd4 Nf6 5.Nc3 d6 6.Bc4 Na5 7.Be2 e5 8.Nb3 Be7
9.Be3 O-O 10.Qd2 Be6 11.O-O-O Rc8 12.f3 b5 13.Bxb5 Nc4 14.Bxc4 Rxc4 15.Bxa7
Qa8 16.Be3 Rfc8 17.Kb1 Qa6 18.g4 Rxc3 19.bxc3 Ra8 20.Qf2 Qxa2+ 21.Kc1 Rc8
22.Rd3 Bxb3 23.cxb3 Qa1+ 24.Kc2 Qxh1 25.Rd1 Rxc3+ 26.Kd2 Rd3+ 27.Kxd3 Qxd1+
{#R} 0-1

[Event "Ch Region"]
[Site "masterchessopen.com – Voronezh (Russia)"]
[Date "2010.12.07"]
[Round "1"]
[White "Rodin Dmitrij (RUS)"]
[Black "Golovchanov Artiom (RUS)"]
[Result "1-0"]
[WhiteElo "2431"]
[BlackElo "2082"]

1.e4 c5 2.Nf3 d6 3.d4 cxd4 4.Nxd4 Nf6 5.Nc3 Nc6 6.Bc4 Qb6 7.Nb3 e6 8.Be3 Qc7
9.f4 Be7 10.Qf3 O-O 11.Bd3 a6 12.O-O-O b5 13.g4 Nb4 14.g5 Nd7 15.Kb1 Rd8
16.Rhg1 Bb7 17.Qh3 Nc5 18.Rg4 Nbxd3 19.cxd3 b4 20.Rh4 h6 21.Nd5 exd5 22.Rg1
Bc8 23.f5 Kf8 24.gxh6 gxh6 25.Rg8+ Kxg8 26.Bxh6 Bxh4 27.Qg4+ {#r} 1-0

[Event "It (open)"]
[Site "masterchessopen.com – Tenerife (Spain)"]
[Date "2010.12.16"]
[Round "1"]
[White "Gonzalez Diaz Eusebio (ESP)"]
[Black "Lopez Pereyra Antonio (ESP)"]
[Result "0-1"]
[WhiteElo "1497"]
[BlackElo "2079"]

1.e4 c5 2.Nf3 Nc6 3.Nc3 d6 4.d4 cxd4 5.Nxd4 Nf6 6.Bc4 Qb6 7.Nxc6 bxc6 8.Bb3 e6
9.Be3 Qc7 10.Qd2 Be7 11.f3 O-O 12.O-O Ba6 13.Rfd1 Rfd8 14.Qf2 c5 15.a3 Rab8
16.Rab1 Rb7 17.Rd2 Rdb8 18.Nd1 c4 19.Ba2 c3 20.Nxc3 Qxc3 21.Bd4 Qxa3 22.Bb3
Qa5 23.Bc3 Qc7 24.Qg3 e5 25.h3 Bc4 {#R} 0-1

[Event "Tournament (open)"]
[Site "masterchessopen.com – St. Petersburg (Russia)"]
[Date "2011.01.05"]
[Round "3"]
[White "Menovshchikov Mark (RUS)"]
[Black "Timirev Sergey (RUS)"]
[Result "1-0"]
[WhiteElo "1992"]
[BlackElo "1821"]

1.e4 c5 2.Nf3 Nc6 3.d4 cxd4 4.Nxd4 Nf6 5.Nc3 d6 6.Bc4 Qb6 7.Nxc6 bxc6 8.O-O g6
9.Be3 Qc7 10.f4 Bg7 11.Bd4 O-O 12.e5 Ne8 13.Qe2 Rb8 14.Bb3 Rb4 15.Rad1 Rxd4
16.Rxd4 dxe5 17.fxe5 Bxe5 18.Re4 Bxh2+ 19.Kh1 Bd6 20.Ra4 Nf6 21.Ne4 Nxe4
22.Qxe4 Bf5 23.Rxf5 gxf5 24.Qxf5 Be5 25.Rh4 {#r} 1-0

[Event "It (open)"]
[Site "masterchessopen.com – Gora Sw. Anny (Poland)"]
[Date "2011.02.12"]
[Round "1"]
[White "Suliborski Jakub (POL)"]
[Black "Leszczak Jakub (POL)"]
[Result "1-0"]
[WhiteElo "1970"]
[BlackElo "1552"]

1.e4 c5 2.Nf3 Nc6 3.d4 cxd4 4.Nxd4 Nf6 5.Nc3 d6 6.Bc4 Qb6 7.Nb3 e6 8.Be3 Qc7
9.Qe2 Be7 10.O-O-O a6 11.f4 b5 12.Bd3 Bd7 13.g4 Nb4 14.g5 Nxd3+ 15.Qxd3 Nh5
16.f5 b4 17.fxe6 Bxe6 18.Nd5 Bxd5 19.Qxd5 O-O 20.Rhg1 a5 21.g6 hxg6 22.Rxg6
Nf6 23.Rxg7+ Kxg7 24.Qg5+ Kh8 25.Bd4 {#r} 1-0

[Event "Tournament (open)"]
[Site "masterchessopen.com – Lvov (Ukraine)"]
[Date "2011.02.24"]
[Round "2"]
[White "Terletsky Oleg (UKR)"]
[Black "Franchuk Serhiy (UKR)"]
[Result "1-0"]
[WhiteElo "2176"]
[BlackElo "2017"]

1.e4 c5 2.Nf3 d6 3.d4 cxd4 4.Nxd4 Nf6 5.Nc3 Nc6 6.Bc4 e5 7.Nb3 Be7 8.Be3 O-O
9.Qd2 Ng4 10.h4 Bxh4 11.g3 Nxe3 12.Qxe3 Bg5 13.f4 exf4 14.gxf4 Ne5 15.Bd5 Bh4+
16.Kd2 Ng4 17.Qh3 Qb6 18.Raf1 g5 19.Rhg1 h5 20.f5 Bf2 21.Rxg4 hxg4 22.Qh6 Qe3+
23.Kd1 Qf3+ 24.Ne2 Bxf5 25.Nd2 Qe3 26.Rh1 {#r} 1-0

[Event "Ch Poland (juniors) (under 16)"]
[Site "masterchessopen.com – Murzasichle (Poland)"]
[Date "2011.03.05"]
[Round "1"]
[White "Blaszkiewicz Mateusz (POL)"]
[Black "Lewtak Damian (POL)"]
[Result "0-1"]
[WhiteElo "1862"]
[BlackElo "2178"]

1.e4 c5 2.Nf3 Nc6 3.d4 cxd4 4.Nxd4 Nf6 5.Nc3 d6 6.Bc4 Qb6 7.Nb3 e6 8.Be3 Qc7
9.Qe2 a6 10.O-O-O Ne5 11.Bb5+ axb5 12.Nxb5 Qc6 13.N3d4 Qd7 14.f4 Nc6 15.e5 Nd5
16.c4 Nxe3 17.Qxe3 Nxd4 18.Qxd4 Be7 19.exd6 Bf6 20.Nc7+ Kf8 21.Qc5 Rxa2 22.f5
b6 23.Qxb6 Qa4 24.fxe6 Bg5+ {#R} 0-1